000 00421nam a22001697a 4500
003 CEME
005 20210628204022.0
008 210104b xxu||||| |||| 00| 0 eng d
020 _a9788184312539
040 _c.
082 _a621.313 BAK
100 _aBakshi, U.A ,. Bakshi, M.V
_968286
245 _aElectrical machines-iii
260 _aINDIA
_bTECHNICAL PUBLICATIONS
_c2009
300 _aXII, P
942 _cBK
_2ddc
999 _c575890
_d575890